Úspěšnost programů zeměřených na integraci v obcích se sociálně vyloučenými lokalitami

Problematika úspešnosti programov zaoberajúcich sa integráciou sociálne výlúčených lokalít v obciach. Vzdelávanie ako jeden z faktorov pôsobiacich na sociálne prostredie. Naplňovanie cieľov integračných programov v českom prostredí v súčasnosti.

Guardado en:
Detalles Bibliográficos
Autor principal: Vašat, Jan
Formato: Capítulo de libro
Lenguaje:checo
Materias:
Etiquetas: Agregar Etiqueta
Sin Etiquetas, Sea el primero en etiquetar este registro!

MARC

LEADER 00000naa a2200000 4500
001 0191486
005 20221020085223.6
041 0 |a cze 
044 |a CZ 
245 1 0 |a Úspěšnost programů zeměřených na integraci v obcích se sociálně vyloučenými lokalitami  |c Jan Vašat 
520 |a Problematika úspešnosti programov zaoberajúcich sa integráciou sociálne výlúčených lokalít v obciach. Vzdelávanie ako jeden z faktorov pôsobiacich na sociálne prostredie. Naplňovanie cieľov integračných programov v českom prostredí v súčasnosti. 
610 2 0 |a integrácia sociálna 
610 2 0 |a začlenenie sociálne 
610 2 0 |a programy sociálne 
610 2 0 |a efektívnosť sociálno-ekonomická 
610 2 0 |a vzťahy spoločenské 
610 2 0 |a obce 
610 2 0 |a Česko 
100 1 |a Vašat, Jan